00403nam a2200145Ia 4500008004100000020001500041041000800056082001700064100002600081245007000107250000600177260003500183300001300218650002600231210716s1992 xx 000 0 und d a0135446694 aeng a658.575 KUCT aKuczmarski, Thomas D. aManaging new products: power of innovation.bPower of innovation. a2 aNew JercybPrentice Hallc1992 axiii,304 aProduction Management